Online
Catalog

Relaciones histórico-geográficas de la audiencia de Quito : (Record no. 5232)

MARC details
000 -CABECERA
campo de control de longitud fija 01444nam a2200301 a 4500
001 - NÚMERO DE CONTROL
campo de control 000005432
005 - FECHA Y HORA DE LA ÚLTIMA TRANSACCIÓN
campo de control 20200929151657.0
008 - DATOS DE LONGITUD FIJA--INFORMACIÓN GENERAL
campo de control de longitud fija 090819s1992 es 001 0 spa d
020 ## - NÚMERO INTERNACIONAL ESTÁNDAR DEL LIBRO
Número Internacional Estándar del Libro 8400071573
040 ## - FUENTE DE LA CATALOGACIÓN
Centro catalogador/agencia de origen DO-SdBNP
Lengua de catalogación spa
Centro/agencia transcriptor BNPHU
082 ## - NÚMERO DE LA CLASIFICACIÓN DECIMAL DEWEY
Número de clasificación 985.03
Número de documento/Ítem R382h
245 00 - MENCIÓN DE TÍTULO
Título Relaciones histórico-geográficas de la audiencia de Quito :
Resto del título siglos XVI-XIX /
Mención de responsabilidad, etc. edición, estudio introductorio y transcripcion por Pilar Ponce Leiva; preámbulo de Francisco de Solano.
260 ## - PUBLICACIÓN, DISTRIBUCIÓN, ETC.
Lugar de publicación, distribución, etc. Madrid :
Nombre del editor, distribuidor, etc. Consejo Superior de Investigaciones Científicas,
Fecha de publicación, distribución, etc. 1992.
300 ## - DESCRIPCIÓN FÍSICA
Extensión 2 v. ;
Dimensiones 24 cm.
490 1# - MENCIÓN DE SERIE
Mención de serie V Centenario del Descubrimiento de América
490 1# - MENCIÓN DE SERIE
Mención de serie Tierra Nueva e Cielo Nuevo
Designación de volumen o secuencia 30
504 ## - NOTA DE BIBLIOGRAFÍA, ETC.
Nota de bibliografía, etc. Incluye referencias bibliográficas y notas al pie de páginas.
505 0# - NOTA DE CONTENIDO CON FORMATO
Información miscelánea v.1: s.XVI --
-- v.2: s.XVII-XIX.
651 #4 - PUNTO DE ACCESO ADICIONAL DE MATERIA--NOMBRE GEOGRÁFICO
Nombre geográfico Quito (Ecuador{Rpara}
Subdivisión general Historia
Subdivisión cronológica HASTA 1809
Subdivisión general Fuentes
9 (RLIN) 15427
651 #4 - PUNTO DE ACCESO ADICIONAL DE MATERIA--NOMBRE GEOGRÁFICO
Nombre geográfico Cabildo De Quito (Ecuador{Rpara}
Subdivisión general Historia
-- Fuentes
9 (RLIN) 15428
651 #4 - PUNTO DE ACCESO ADICIONAL DE MATERIA--NOMBRE GEOGRÁFICO
Nombre geográfico Ecuador
Subdivisión general Geografía Histórica
-- Fuentes
9 (RLIN) 15429
700 1# - PUNTO DE ACCESO ADICIONAL--NOMBRE DE PERSONA
Nombre de persona Ponce Leyva, Pilar,
Término indicativo de función/relación ed.
9 (RLIN) 15430
700 1# - PUNTO DE ACCESO ADICIONAL--NOMBRE DE PERSONA
Nombre de persona Solano, Francisco de,
Término indicativo de función/relación introd.
9 (RLIN) 15306
710 2# - PUNTO DE ACCESO ADICIONAL--NOMBRE DE ENTIDAD CORPORATIVA
Nombre de entidad corporativa o nombre de jurisdicción como elemento de entrada Consejo Superior de Investigaciones Científicas (España).
Unidad subordinada Centro de Estudios Históricos.
-- Departamento de Historia de América
9 (RLIN) 15431
830 #1 - PUNTO DE ACCESO ADICIONAL DE SERIE-TÍTULO UNIFORME
Título uniforme Tierra Nueva e Cielo Nuevo
Designación de volumen o secuencia 30
9 (RLIN) 15432
830 #1 - PUNTO DE ACCESO ADICIONAL DE SERIE-TÍTULO UNIFORME
Título uniforme V Centenario del Descubrimiento de América
9 (RLIN) 15433
910 ## - DATOS DE OPCIÓN DEL USUARIO (OCLC)
Datos de opción del usuario Validado. Control de calidad EMS.
Holdings
Estado de retiro Estado de pérdida Restricciones de uso No para préstamo Código de colección Localización permanente Ubicación/localización actual Ubicación en estantería Fecha de adquisición Número de inventario Total de préstamos Signatura topográfica completa Código de barras Fecha visto por última vez Precio válido a partir de Tipo de ítem Koha
      Excluido de préstamo Monografías: Libros y Folletos General General Depósito 19.08.2009 LF1   985.03 R382h | v. 1 5432-10 25.06.2020 25.06.2020 No se presta
      Excluido de préstamo Monografías: Libros y Folletos General General Depósito 26.08.2009 LF1   985.03 R382h | v. 2 5432-20 25.06.2020 25.06.2020 No se presta

Powered by Koha